banner koha

Contribuicao ao estudo mineralogico de argilas fluvio-marinhas da Baixada Fluminense [Classificacao do solo; Rio de Janeiro; Brasil] (Registro n. 312184)

MARC details
000 -LÍDER
campo de controle de tamanho fixo 01354naa a22003257a 4500
001 - NÚMERO DE CONTROLE
campo de controle BR8003037
003 - IDENTIFICADOR DO NÚMERO DE CONTROLE
campo de controle BR-BrBNA
005 - DATA E HORÁRIO DA ÚLTIMA TRANSAÇÃO
campo de controle 20240918174603.0
007 - CAMPO FIXO DE DESCRIÇÃO FÍSICA--INFORMAÇÃO GERAL
campo de controle de tamanho fixo ta
008 - CAMPO DE DADOS FIXOS--INFORMAÇÃO GERAL
campo de controle de tamanho fixo 230509b bl.||||| |||| 00| 0 por d
040 ## - FONTE DA CATALOGAÇÃO
Instituição da catalogação original BR-BrBNA
Idioma da catalogação por
Instituição que transcreveu o registro Biblioteca Nacional de Agricultura
041 ## - CÓDIGO DE IDIOMA
Código do idioma do texto/trilha sonora ou título diferente (Pt)
072 ## - CÓDIGO DE CATEGORIA DE ASSUNTO
Código de Categoria de Assunto F23
Código do objeto /G514
090 ## - NÚMERO DE CHAMADA LOCAL
Número de chamada F23 BR8003037
100 1# - ENTRADA PRINCIPAL--NOME PESSOAL
Nome pessoal Antunes, F. dos S.
100 1# - ENTRADA PRINCIPAL--NOME PESSOAL
Nome pessoal Menezes, S. de O.
111 1# - ENTRADA PRINCIPAL--NOME DO EVENTO
Nome do evento ou lugar 4. e 5. Semanas de Estudos Geologicos e 1. e 2. Sessoes Tecnicas de Geologia do Estado do Rio de Janeiro
Local do evento Itaguai, RJ (Brazil)
Data do evento ou assinatura do tratado 10 May 1976
245 1# - TÍTULO
Título Contribuicao ao estudo mineralogico de argilas fluvio-marinhas da Baixada Fluminense [Classificacao do solo; Rio de Janeiro; Brasil]
260 3# - PUBLICAÇÃO, DISTRIBUIÇÃO, ETC.
Local de publicação, distribuição, etc. Itaguai, RJ (Brasil):
Nome do editor, distribuidor, etc. Imprensa Universitaria,
Data da publicação, distribuição, etc. 1980.
500 ## - NOTA GERAL
Nota geral 4. e 5. Semanas de Estudos Geologicos. Coletanea de trabalhos apresentados<br/>Itaguai, RJ (Brasil): Imprensa Universitaria, 1980. p. 193-199<br/>(BR8003037-AM)F23<br/>
650 ## - ASSUNTO--TERMO TÓPICO
Cabeçalho tópico ou nome geográfico Classificacao do solo
650 ## - ASSUNTO--TERMO TÓPICO
Cabeçalho tópico ou nome geográfico Argila
650 ## - ASSUNTO--TERMO TÓPICO
Cabeçalho tópico ou nome geográfico Geologia
650 ## - ASSUNTO--TERMO TÓPICO
Cabeçalho tópico ou nome geográfico Mineralogia
650 ## - ASSUNTO--TERMO TÓPICO
Cabeçalho tópico ou nome geográfico Baixada Fluminense
650 ## - ASSUNTO--TERMO TÓPICO
Cabeçalho tópico ou nome geográfico Rio de Janeiro
773 0# - ENTRADA ANALÍTICA
Título 4. e 5. Semanas de Estudos Geologicos. Coletanea de trabalhos apresentados
Número de controle do registro F23 BR8003037
Partes relacionadas Itaguai, RJ (Brasil), 1980. p. 193-199
909 ## -
-- 202404
-- Lucia
-- 55
-- Lucia Elande
942 ## - ELEMENTOS DE ENTRADA ADICIONADOS (KOHA)
Tipo de material Koha Capítulo-Livro
Fonte da classificação ou esquema de arquivamento na estante Classificação AGRIS
Exemplares
Situação do descarte Fonte da classificação ou esquema de arquivamento na estante Situação física Não pode ser emprestado Coleção Biblioteca de origem Biblioteca atual Localização na estante Total de empréstimos Número de telefone completo Data de último acesso Número do exemplar Tipo de material Koha Situação das perdas Data de aquisição Fonte de aquisição
  Classificação AGRIS       Biblioteca Nacional de Agricultura - Binagri Biblioteca Nacional de Agricultura - Binagri Agrobase - Acervo Geral   F23 BR8003017 20/05/2024 01 Capítulo-Livro   2024-04-11 Portaria Interministerial nº 164/94

BINAGRI

Telefone: (61)3218-2567/2388/3357/2097 - binagri@agro.gov.br

Ministério da Agricultura e Pecuária , Esplanada dos Ministérios, Bloco D, Anexo B, Brasília/DF, CEP: 70.043-900